Vista normal
Vista MARC
Entrada Materia (corporativa)
Número de registros utilizados en: 2
001 - CONTROL NUMBER
- control field: 45518
003 - CONTROL NUMBER IDENTIFIER
- control field: Co-BoUCM
005 - DATE AND TIME OF LATEST TRANSACTION
- control field: 20130918163220.0
008 - FIXED-LENGTH DATA ELEMENTS
- fixed length control field: 130918|| aca||aabn | a|a d
040 ## - CATALOGING SOURCE
- Original cataloging agency: Co-BoUCM
- Transcribing agency: Co-BoUCM
110 ## - HEADING--CORPORATE NAME
- Corporate name or jurisdiction name as entry element: Instituto Geográfico Agustín Codazzi
670 ## - SOURCE DATA FOUND
- Source citation: Work cat.: (Co-BoUCM)78832: Instituto Cartográfico Latino 35487, América del sur física, 1994